US Baby Boy Names That End in -ER (2018) - Statistics

General Stats
  • This quiz has been taken 1,910 times
    1,718 since last reset
  • The average score is 11 of 47
Answer Stats
THAT GUY-ER % Correct
Carter | Karter
55%
Tyler
52%
Hunter
50%
Peter
50%
Parker
46%
Oliver
44%
Alexander | Alexzander
43%
Conner
37%
Christopher | Kristopher
35%
Tanner
35%
Asher
32%
Walter
32%
Ryder
31%
Sawyer
30%
Xander | Zander
30%
Cooper
29%
Roger
29%
Xavier | Zavier | Javier | Xzavier
29%
Archer
24%
Kyler
24%
Miller
23%
Gunner
22%
Harper
22%
Jasper
21%
Skyler
20%
Tucker
20%
Porter
19%
Walker
19%
Dexter
18%
Ryker
18%
River
17%
Chandler
15%
Spencer
15%
Baker
14%
Denver
12%
Fletcher
11%
Fisher
9%
Turner
9%
Thatcher
7%
Jagger
6%
Wilder
6%
Iker
5%
Decker
3%
Ledger
3%
Bridger
2%
Kaiser
2%
Ameer
1%
No matching quizzes found
Score Distribution
Percent of People with Each Score
Percentile by Number Answered
Your Score History
You have not taken this quiz since the last reset